000 00707nam a22001697a 4500
003 MACL
005 20150711155105.0
008 150711b xxu||||| |||| 00| 0 eng d
040 _cMACL
041 _aHindi
082 _a741.642
100 _4218/4
_aचन्‍द्र, देवेश
_91812
245 _aस्‍वतंत्रता आन्‍दोलन के गीत/चुटकुला प्रतियोगिता/सूक्ति सुवास/आदमी का घोंसला
260 _aनई दिल्‍ली
_bनेशनल बुक ट्रस्‍ट
_c2004
650 _aचिल्‍ड्रन बुक्‍स
_9343
942 _2ddc
_cHIN
999 _c50096
_d50096